[Event "SG Porz 2 - SF Lieme 1"]
[Site "NRW-Klasse - Gruppe 1 2018/20"]
[Date "2019.01.13"]
[Round "5.6"]
[White "Finke, Kai"]
[Black "Schaffarczyk, Andre"]
[Result "0-1"]
[WhiteElo "2089"]
[BlackElo "2081"]
[PlyCount "118"]
[EventDate "2019.??.??"]
[WhiteTeam "SG Porz 2"]
[BlackTeam "SF Lieme 1"]

1. d4 d5 2. c4 e6 3. Nc3 Nf6 4. cxd5 exd5 5. Bg5 c6 6. e3 Be7 7. Bd3 Nbd7 8.
Qc2 h6 9. Bf4 Nh5 10. Nxd5 cxd5 11. Bc7 Bb4+ 12. Kf1 Qe7 13. Ne2 O-O 14. g4
Nhf6 15. Rg1 Ne4 16. Nf4 Ndf6 17. Be5 Be6 18. f3 Nd2+ 19. Ke2 Rac8 20. Qa4 Nc4
21. g5 hxg5 22. Rxg5 Nxe5 23. dxe5 Ne8 24. Rag1 d4 25. Nh5 g6 26. Bxg6 fxg6 27.
Rxg6+ Kh7 28. Nf6+ Nxf6 29. Rg7+ Qxg7 30. Rxg7+ Kxg7 31. exf6+ Kxf6 32. Qxb4
Bc4+ 33. Kf2 dxe3+ 34. Kxe3 Rfe8+ 35. Kf4 Be6 36. b3 b6 37. Qd4+ Kf7 38. Qe4
Re7 39. Qh7+ Ke8 40. Qh8+ Kd7 41. Qd4+ Kc7 42. Qe5+ Kd8 43. Qh8+ Kc7 44. Qe5+
Kb7 45. Qe4+ Rc6 46. h4 Kc7 47. Qe5+ Kd7 48. Qb5 Rf7+ 49. Kg3 Rf5 50. Qd3+ Ke7
51. Qe4 Rc7 52. Qb4+ Kf7 53. Qe4 Rc3 54. Qb7+ Kf6 55. Qxa7 Rfxf3+ 56. Kg2 Bh3+
57. Kg1 Rc1+ 58. Kh2 Rc2+ 59. Kh1 Rf1# 0-1

[Event "SG Porz 2 - SF Lieme 1"]
[Site "NRW-Klasse - Gruppe 1 2018/20"]
[Date "2019.01.13"]
[Round "5.7"]
[White "Schulte, Oliver"]
[Black "Heedt, Thorsten"]
[Result "1-0"]
[WhiteElo "2059"]
[BlackElo "2018"]
[PlyCount "85"]
[EventDate "2019.??.??"]
[WhiteTeam "SF Lieme 1"]
[BlackTeam "SG Porz 2"]

1. d4 g6 2. Bf4 Nf6 3. Nc3 Bg7 4. e4 d6 5. Qd2 h6 6. O-O-O g5 7. Be3 Ng4 8. h4
Nxe3 9. Qxe3 g4 10. h5 Nc6 11. e5 Bf5 12. Bb5 a6 13. Ba4 d5 14. Nge2 Qd7 15.
Ng3 Be6 16. f4 gxf3 17. gxf3 b5 18. Bb3 Na5 19. Nce2 Nc4 20. Bxc4 bxc4 21. Nf4
Rb8 22. Nxe6 Qxe6 23. Rhg1 Bf8 24. c3 Qb6 25. Rd2 e6 26. Nf1 c5 27. f4 cxd4 28.
cxd4 Qa5 29. Kb1 c3 30. Rc2 cxb2 31. Nd2 Be7 32. Nb3 Qb6 33. f5 Bg5 34. Qd3
exf5 35. Nc5 O-O 36. Qxf5 Kh8 37. Rd1 Rbd8 38. Nd7 Rxd7 39. Qxd7 Bc1 40. Rc8
Rxc8 41. Qxc8+ Kg7 42. Qf5 Qc6 43. Rf1 1-0

[Event "SG Porz 2 - SF Lieme 1"]
[Site "NRW-Klasse - Gruppe 1 2018/20"]
[Date "2019.01.13"]
[Round "5.8"]
[White "Kremser, Michael"]
[Black "Langenhop, Lars"]
[Result "1/2-1/2"]
[WhiteElo "1998"]
[BlackElo "1908"]
[Annotator "Daniel"]
[PlyCount "88"]
[EventDate "2019.??.??"]
[WhiteTeam "SG Porz 2"]
[BlackTeam "SF Lieme 1"]

1. d4 Nf6 2. c4 g6 3. Nf3 Bg7 4. e3 O-O 5. b3 d6 6. Bb2 a5 7. Be2 Nc6 8. O-O
Nd7 9. Nc3 e5 10. d5 Ne7 11. e4 h6 12. Ne1 f5 13. Nd3 g5 14. a3 b6 15. exf5
Nxf5 16. Ne4 Nf6 17. Bf3 Nh4 18. Nxf6+ Qxf6 19. Be4 Bf5 20. Qe2 Bxe4 21. Qxe4
Qf5 $11 22. Rae1 Ng6 23. Bc1 Rae8 24. a4 Ne7 25. f3 Qd7 26. g4 Rf6 27. Nf2 Ref8
28. Nh1 Qe8 29. Ng3 Qg6 30. h3 Qxe4 31. fxe4 Rxf1+ 32. Rxf1 Rxf1+ 33. Kxf1 Kf7
34. Bd2 Ng6 35. Nf5 Nf4 36. h4 Kg6 37. h5+ Kf6 38. Be3 Bf8 39. Ke1 Nd3+ 40. Kd2
Nc5 41. Bxc5 dxc5 42. Ne3 Bd6 43. Nd1 Kf7 44. Ne3 Kf6 1/2-1/2

[Event "SV Weidenau/Geisweid 1 - SF Brackel 1"]
[Site "NRW-Klasse - Gruppe 1 2018/20"]
[Date "2019.01.13"]
[Round "5.1"]
[White "Luft, Dennis"]
[Black "Karthaeuser, Johannes"]
[Result "0-1"]
[WhiteElo "2238"]
[BlackElo "2157"]
[PlyCount "84"]
[EventDate "2019.??.??"]
[WhiteTeam "SF Brackel 1"]
[BlackTeam "SV Weidenau/Geisweid 1"]

1. e4 e6 2. d3 d5 3. Qe2 Nf6 4. e5 Nfd7 5. g3 c5 6. Bg2 Nc6 7. f4 Be7 8. Nf3
Qc7 9. O-O b5 10. c3 a5 11. Be3 Ba6 12. a4 bxa4 13. Rxa4 Rb8 14. Ra2 c4 15. d4
Nb6 16. h4 h5 17. Ng5 g6 18. Bf3 a4 19. Kg2 Bd8 20. f5 exf5 21. e6 Bxg5 22.
Bxg5 Rc8 23. Re1 O-O 24. Qd2 f6 25. Bf4 Qe7 26. Na3 Nd8 27. Nc2 Nxe6 28. Ne3
Nxf4+ 29. gxf4 Qd6 30. Bxh5 gxh5 31. Nxf5 Qd7 32. Ne7+ Kf7 33. Qe2 Qg4+ 34.
Qxg4 hxg4 35. Nxc8 Bxc8 36. Raa1 Bf5 37. Kg3 Ra8 38. Ra3 Nc8 39. Rea1 Bd7 40.
b3 cxb3 41. Rxb3 axb3 42. Rxa8 Nd6 0-1

[Event "SV Weidenau/Geisweid 1 - SF Brackel 1"]
[Site "NRW-Klasse - Gruppe 1 2018/20"]
[Date "2019.01.13"]
[Round "5.2"]
[White "Send, Sebastian"]
[Black "Kartsev, Soel"]
[Result "0-1"]
[WhiteElo "2142"]
[BlackElo "2200"]
[Annotator "Daniel"]
[PlyCount "88"]
[EventDate "2019.??.??"]
[WhiteTeam "SV Weidenau/Geisweid 1"]
[BlackTeam "SF Brackel 1"]

1. d4 Nf6 2. Bg5 Ne4 3. h4 d5 4. Nd2 c5 5. Nxe4 dxe4 6. dxc5 Qa5+ 7. Qd2 Qxc5
8. O-O-O Nc6 9. Qd5 Qxd5 10. Rxd5 f6 11. Be3 e5 12. g3 Be6 13. Rb5 Bc4 14. Rxb7
O-O-O 15. Rb3 Bxb3 16. axb3 Kc7 17. h5 f5 18. h6 g6 19. Nh3 Bd6 20. Bg5 $11 Rd7
21. e3 Re8 22. c3 Bf8 23. Be2 a5 24. Kc2 Re6 25. Rd1 Red6 26. Rxd6 Kxd6 27. Bc4
Ne7 28. Ng1 Nd5 29. Ne2 Nc7 30. g4 Ne6 31. Bf6 Rf7 32. g5 Bxh6 33. Bxe5+ Kxe5
34. Nd4 Nxg5 35. Bxf7 Nxf7 36. Nc6+ Kd6 37. Nxa5 Bg7 38. Kd2 h5 39. b4 h4 40.
Ke2 Ne5 41. c4 h3 42. Kf1 Nd3 43. c5+ Kd5 44. c6 Be5 0-1

[Event "SV Weidenau/Geisweid 1 - SF Brackel 1"]
[Site "NRW-Klasse - Gruppe 1 2018/20"]
[Date "2019.01.13"]
[Round "5.3"]
[White "Fluechter, Gregor"]
[Black "Scholl, Patrick"]
[Result "1-0"]
[WhiteElo "2147"]
[BlackElo "1954"]
[PlyCount "63"]
[EventDate "2019.??.??"]
[WhiteTeam "SF Brackel 1"]
[BlackTeam "SV Weidenau/Geisweid 1"]

1. e4 e6 2. d4 d5 3. exd5 exd5 4. Nf3 Nc6 5. Bb5 Bd6 6. O-O Nge7 7. c4 dxc4 8.
Bxc4 O-O 9. h3 Bf5 10. Nc3 a6 11. a3 Qd7 12. Re1 Ng6 13. Bf1 Nf4 14. d5 Ne7 15.
g4 Bg6 16. Ne5 Bxe5 17. Rxe5 f6 18. Re1 Nfxd5 19. Rxe7 Qxe7 20. Qxd5+ Bf7 21.
Qxb7 Rab8 22. Qxa6 Rb6 23. Qe2 Re6 24. Be3 f5 25. gxf5 Re5 26. Qg4 Be8 27. Bc4+
Kh8 28. Be6 Bf7 29. Qd4 Ra5 30. Nd5 Qe8 31. Nxc7 Qb8 32. Bh6 1-0

[Event "SV Weidenau/Geisweid 1 - SF Brackel 1"]
[Site "NRW-Klasse - Gruppe 1 2018/20"]
[Date "2019.01.13"]
[Round "5.4"]
[White "Meinhardt, Michael"]
[Black "Knudsen, Simon"]
[Result "1/2-1/2"]
[WhiteElo "2009"]
[BlackElo "2151"]
[PlyCount "87"]
[EventDate "2019.??.??"]
[WhiteTeam "SV Weidenau/Geisweid 1"]
[BlackTeam "SF Brackel 1"]

1. Nf3 Nf6 2. e3 g6 3. d4 Bg7 4. Bd3 d6 5. O-O O-O 6. c4 Nc6 7. Nc3 e5 8. b3
Re8 9. Be2 e4 10. Nd2 h5 11. Bb2 Bf5 12. a3 h4 13. b4 Qe7 14. Nd5 Nxd5 15. cxd5
Nd8 16. Rc1 Rc8 17. Qa4 a6 18. b5 axb5 19. Bxb5 c6 20. dxc6 bxc6 21. Be2 Qg5
22. Kh1 h3 23. g3 Bg4 24. Qd1 Bd7 25. Bc3 Rb8 26. Bb4 Bf8 27. Nc4 Qd5 28. Nxd6
Bxd6 29. Bc4 Qf5 30. Bxd6 Rb2 31. Be2 Be6 32. Rb1 Bb3 33. Qe1 Rxe2 34. Qxe2 Bc4
35. Qd1 Bxf1 36. Qxf1 Ne6 37. Rb8 Rxb8 38. Bxb8 Nxd4 39. exd4 e3 40. Kg1 exf2+
41. Qxf2 Qb1+ 42. Qf1 Qxb8 43. Qxh3 Qd6 44. Qg4 1/2-1/2

[Event "SV Weidenau/Geisweid 1 - SF Brackel 1"]
[Site "NRW-Klasse - Gruppe 1 2018/20"]
[Date "2019.01.13"]
[Round "5.5"]
[White "Goldschmidt, Christian"]
[Black "Donner, Bernd"]
[Result "1/2-1/2"]
[WhiteElo "2168"]
[BlackElo "2135"]
[PlyCount "126"]
[EventDate "2019.??.??"]
[WhiteTeam "SF Brackel 1"]
[BlackTeam "SV Weidenau/Geisweid 1"]

1. e4 d6 2. d4 Nd7 3. Nf3 g6 4. Bc4 e6 5. O-O Bg7 6. c3 Ne7 7. Bb3 O-O 8. Re1
c5 9. Bf4 e5 10. Be3 Qc7 11. Nbd2 h6 12. Nc4 b5 13. dxc5 dxc5 14. Qd6 Qd8 15.
Rad1 bxc4 16. Ba4 Qa5 17. Bxd7 Bxd7 18. Qxd7 Rfe8 19. Ra1 Rad8 20. Qh3 g5 21.
Qh5 Qb6 22. h4 gxh4 23. b4 Qg6 24. Qxg6 Nxg6 25. Bxc5 a6 26. Rad1 Nf4 27. Rxd8
Rxd8 28. Nxh4 Rd2 29. Re3 Rxa2 30. Nf5 Rd2 31. Nd6 Nd3 32. Rg3 Kh7 33. Nxc4
Rd1+ 34. Kh2 Bf6 35. Be3 Ne1 36. Rh3 Bg7 37. Nb6 Nc2 38. Nd5 f5 39. Ne7 fxe4
40. Bxh6 Bxh6 41. Nf5 Kg6 42. Nxh6 Rd3 43. Ng4 Kf5 44. Ne3+ Nxe3 45. Rxe3 Kf4
46. g3+ Kf5 47. Kg2 Rd2 48. g4+ Kxg4 49. Rxe4+ Kf5 50. Rc4 e4 51. Kf1 Rc2 52.
Rc6 Kf4 53. Rf6+ Ke5 54. Rxa6 Rxc3 55. b5 e3 56. f3 Rc2 57. Ra4 Rf2+ 58. Ke1
Rxf3 59. Ke2 Rf2+ 60. Kxe3 Rb2 61. Rh4 Kd6 62. Rh5 Kc7 63. Kd4 Kb6 1/2-1/2

[Event "SV Weidenau/Geisweid 1 - SF Brackel 1"]
[Site "NRW-Klasse - Gruppe 1 2018/20"]
[Date "2019.01.13"]
[Round "5.6"]
[White "Hess, Olena"]
[Black "Steinmetzer, Thomas"]
[Result "1/2-1/2"]
[WhiteElo "2021"]
[BlackElo "2183"]
[PlyCount "90"]
[EventDate "2019.??.??"]
[WhiteTeam "SV Weidenau/Geisweid 1"]
[BlackTeam "SF Brackel 1"]

1. Nf3 d5 2. d4 Nf6 3. c4 e6 4. Nc3 c6 5. e3 Nbd7 6. Qc2 Bd6 7. Bd3 dxc4 8.
Bxc4 e5 9. O-O O-O 10. Bb3 Qe7 11. h3 h6 12. Nh4 Qd8 13. Nf5 Bb8 14. Nxh6+ gxh6
15. Qg6+ Kh8 16. Qxh6+ Nh7 17. dxe5 Bxe5 18. f4 Bg7 19. Qh5 f5 20. Bc2 Ndf6 21.
Qg6 Nd5 22. Nxd5 Qxd5 23. Bb3 Qe4 24. Bd2 Qe8 25. Qg3 Be6 26. Bc2 Rg8 27. Qh4
Qd8 28. Qe1 Bf6 29. e4 fxe4 30. Bxe4 Bxh3 31. Bc3 Bxc3 32. Qxc3+ Qf6 33. Qxh3
Qd4+ 34. Kh1 Qxe4 35. Rae1 Qb4 36. Re6 Qc4 37. Rfe1 Raf8 38. Re7 Rf7 39. R1e4
Qc1+ 40. Kh2 Rxe7 41. Rxe7 Qxf4+ 42. Kh1 Qc1+ 43. Kh2 Qf4+ 44. Kh1 Qc1+ 45. Kh2
Qf4+ 1/2-1/2

[Event "SV Weidenau/Geisweid 1 - SF Brackel 1"]
[Site "NRW-Klasse - Gruppe 1 2018/20"]
[Date "2019.01.13"]
[Round "5.7"]
[White "Korten, Lando"]
[Black "Waechtler, Frank"]
[Result "1/2-1/2"]
[WhiteElo "2046"]
[BlackElo "1980"]
[Annotator "Daniel"]
[PlyCount "32"]
[EventDate "2019.??.??"]
[WhiteTeam "SF Brackel 1"]
[BlackTeam "SV Weidenau/Geisweid 1"]

1. d4 Nf6 2. c4 e6 3. Nf3 Bb4+ 4. Bd2 c5 5. Bxb4 cxb4 6. g3 b6 7. Bg2 Bb7 8.
O-O O-O 9. d5 Qc7 10. dxe6 dxe6 $11 11. b3 Nbd7 12. Nbd2 Nc5 13. Qc2 Rfd8 14.
Rfd1 a5 15. a3 bxa3 16. Rxa3 Rd7 1/2-1/2

[Event "Krefelder SK Turm 1 - SF Brackel 1"]
[Site "NRW-Klasse - Gruppe 1 2018/20"]
[Date "2019.02.17"]
[Round "6.1"]
[White "Kartsev, Soel"]
[Black "Stomberg, Thomas"]
[Result "0-1"]
[WhiteElo "2200"]
[BlackElo "2306"]
[PlyCount "152"]
[EventDate "2019.??.??"]
[WhiteTeam "SF Brackel 1"]
[BlackTeam "Krefelder SK Turm 1"]

1. e4 e6 2. Qe2 c5 3. Nf3 Nc6 4. g3 g6 5. Bg2 Bg7 6. O-O d6 7. d3 Nge7 8. c4
O-O 9. Nc3 a6 10. Bg5 Rb8 11. Qd2 b5 12. Bh6 e5 13. b3 Bg4 14. Bxg7 Kxg7 15.
Ne1 Nd4 16. f3 Be6 17. Ne2 Nec6 18. Nxd4 Nxd4 19. f4 f6 20. Nf3 Nc6 21. Rf2 Qd7
22. Raf1 Bg4 23. Ne1 Nd4 24. Nc2 Nxc2 25. Qxc2 a5 26. cxb5 Qxb5 27. h3 Be6 28.
f5 gxf5 29. exf5 Bf7 30. g4 h6 31. h4 Qb4 32. Bf3 Qf4 33. Rg2 Rb4 34. g5 hxg5
35. hxg5 Qe3+ 36. Qf2 Qxf2+ 37. Rgxf2 fxg5 38. f6+ Kxf6 39. Be4+ Ke7 40. Rf5
Rbb8 41. Rxg5 Ke6 42. Rg7 Rbd8 43. Rh7 Rg8+ 44. Kh2 Bg6 45. Rh3 Bxe4 46. dxe4
Rh8 47. Rff3 Rxh3+ 48. Rxh3 Ra8 49. Kg3 a4 50. Kf3 axb3 51. axb3 Ra2 52. Kg4
Rf2 53. Re3 Rf4+ 54. Kg5 Kd7 55. Kg6 Kc6 56. Kg5 Kb5 57. Rd3 Rxe4 58. Rxd6 Re3
59. Kf5 Rxb3 60. Kxe5 Re3+ 61. Kf4 Re8 62. Rd1 c4 63. Rb1+ Kc5 64. Rc1 Kb4 65.
Rb1+ Kc3 66. Rc1+ Kd3 67. Rd1+ Kc2 68. Rd7 c3 69. Rh7 Kb2 70. Rb7+ Kc1 71. Kf3
c2 72. Rb6 Re5 73. Kf4 Re1 74. Kf3 Kd2 75. Rd6+ Kc3 76. Rc6+ Kb3 0-1

[Event "Krefelder SK Turm 1 - SF Brackel 1"]
[Site "NRW-Klasse - Gruppe 1 2018/20"]
[Date "2019.02.17"]
[Round "6.2"]
[White "Kistella, Roman"]
[Black "Knudsen, Simon"]
[Result "1-0"]
[WhiteElo "2223"]
[BlackElo "2151"]
[PlyCount "65"]
[EventDate "2019.??.??"]
[WhiteTeam "Krefelder SK Turm 1"]
[BlackTeam "SF Brackel 1"]

1. d4 g6 2. e4 Bg7 3. Nf3 d6 4. Be2 Nf6 5. Nc3 a6 6. O-O O-O 7. h3 Nc6 8. d5
Ne5 9. Nd4 c5 10. dxc6 bxc6 11. f4 Ned7 12. Kh1 Qc7 13. Nf3 Rb8 14. Qe1 e5 15.
fxe5 Nxe5 16. Nxe5 dxe5 17. b3 a5 18. Qh4 Nd7 19. Ba3 c5 20. Nd5 Qb7 21. Bc4
Kh8 22. Rad1 a4 23. Bc1 axb3 24. axb3 Nb6 25. Nxb6 Qxb6 26. Rxf7 Rxf7 27. Bxf7
Ba6 28. Bxg6 Qxg6 29. Rd8+ Rxd8 30. Qxd8+ Bf8 31. Qxf8+ Qg8 32. Qf6+ Qg7 33.
Qxa6 1-0

[Event "Krefelder SK Turm 1 - SF Brackel 1"]
[Site "NRW-Klasse - Gruppe 1 2018/20"]
[Date "2019.02.17"]
[Round "6.3"]
[White "Goldschmidt, Christian"]
[Black "Van Gool, Rudi"]
[Result "1/2-1/2"]
[WhiteElo "2168"]
[BlackElo "2209"]
[PlyCount "45"]
[EventDate "2019.??.??"]
[WhiteTeam "SF Brackel 1"]
[BlackTeam "Krefelder SK Turm 1"]

1. e4 e6 2. d4 d5 3. Nd2 Be7 4. Bd3 c5 5. dxc5 Nf6 6. Ngf3 dxe4 7. Nxe4 Nxe4 8.
Bxe4 Qxd1+ 9. Kxd1 Bxc5 10. Ke2 Nd7 11. Be3 Bxe3 12. Kxe3 Nc5 13. c4 Nxe4 14.
Kxe4 f6 15. Nd4 Bd7 16. f4 O-O-O 17. Rad1 e5 18. fxe5 Rhe8 19. Nf3 Bc6+ 20. Kf4
Bxf3 21. Kxf3 Rxe5 22. Rxd8+ Kxd8 23. Rd1+ 1/2-1/2

[Event "Krefelder SK Turm 1 - SF Brackel 1"]
[Site "NRW-Klasse - Gruppe 1 2018/20"]
[Date "2019.02.17"]
[Round "6.4"]
[White "Kern, Guido"]
[Black "Steinmetzer, Thomas"]
[Result "0-1"]
[WhiteElo "2286"]
[BlackElo "2183"]
[PlyCount "88"]
[EventDate "2019.??.??"]
[WhiteTeam "Krefelder SK Turm 1"]
[BlackTeam "SF Brackel 1"]

1. Nf3 d5 2. g3 Nf6 3. Bg2 e6 4. d4 Be7 5. c4 O-O 6. O-O dxc4 7. Qc2 a6 8. a4
Nc6 9. Qxc4 Qd5 10. Nbd2 Rd8 11. e3 Rb8 12. Qe2 Qh5 13. Nc4 b5 14. axb5 axb5
15. Na5 Nxa5 16. Rxa5 Bb4 17. Ra7 Bb7 18. h3 Be4 19. Rd1 c5 20. Bd2 cxd4 21.
Bxb4 d3 22. Qf1 Bxf3 23. Bxf3 Qxf3 24. Rxd3 h5 25. Ra1 Ne4 26. Rad1 Rxd3 27.
Rxd3 Rc8 28. Bc3 b4 29. Bxb4 Rc1 30. Be1 Rb1 31. b4 h4 32. gxh4 f5 33. b5 Kh7
34. b6 e5 35. b7 Rxb7 36. Qg2 Qe2 37. Qf1 Qf3 38. Qg2 Qe2 39. Qf1 Qc2 40. Kh2
Rb1 41. Rd7 Qc6 42. Ra7 Nd2 43. Qd3 Nf3+ 44. Kg3 Qg6+ 0-1

[Event "Krefelder SK Turm 1 - SF Brackel 1"]
[Site "NRW-Klasse - Gruppe 1 2018/20"]
[Date "2019.02.17"]
[Round "6.5"]
[White "Korten, Lando"]
[Black "Terhuven, Patrick"]
[Result "0-1"]
[WhiteElo "2046"]
[BlackElo "2162"]
[PlyCount "72"]
[EventDate "2019.??.??"]
[WhiteTeam "SF Brackel 1"]
[BlackTeam "Krefelder SK Turm 1"]

1. d4 d5 2. c4 e6 3. Nc3 Nf6 4. cxd5 exd5 5. Bg5 Nbd7 6. e3 c6 7. Nf3 Be7 8.
Bd3 h6 9. Bf4 Nh5 10. Be5 Nxe5 11. Nxe5 Nf6 12. f4 O-O 13. Qf3 c5 14. g4 cxd4
15. exd4 Ne4 16. Nxe4 dxe4 17. Qxe4 Bb4+ 18. Kf1 f5 19. Bc4+ Kh7 20. Qd3 b5 21.
Bxb5 Bb7 22. Rg1 Be4 23. Qe3 Qa5 24. Bd3 Bd2 25. Qg3 Bxf4 26. Qxf4 Bxd3+ 27.
Kg2 fxg4 28. Qe3 Ba6 29. Kg3 Rae8 30. Qe4+ Kg8 31. a3 h5 32. b4 Qd8 33. Rae1
Qd6 34. Rc1 Bb7 35. Qxb7 Qxd4 36. Rc2 Qxg1+ 0-1

[Event "Krefelder SK Turm 1 - SF Brackel 1"]
[Site "NRW-Klasse - Gruppe 1 2018/20"]
[Date "2019.02.17"]
[Round "6.6"]
[White "Winkel, Peter"]
[Black "Boehm, Juergen"]
[Result "1-0"]
[WhiteElo "2142"]
[BlackElo "2154"]
[PlyCount "81"]
[EventDate "2019.??.??"]
[WhiteTeam "Krefelder SK Turm 1"]
[BlackTeam "SF Brackel 1"]

1. d4 d5 2. c4 e6 3. Nf3 c6 4. Qc2 Nf6 5. g3 dxc4 6. Qxc4 b5 7. Qb3 Bb7 8. Bg2
Nbd7 9. Ne5 Nxe5 10. dxe5 Nd7 11. O-O Nxe5 12. Nc3 a6 13. Rd1 Qc8 14. Ne4 c5
15. Bf4 Ng6 16. Bg5 f6 17. Bxf6 gxf6 18. Nxf6+ Ke7 19. Bxb7 Qxb7 20. Rd7+ Qxd7
21. Nxd7 Kxd7 22. Rd1+ Ke7 23. Qd3 Bg7 24. Qd6+ Kf7 25. Qxc5 Rhe8 26. Rd7+ Ne7
27. Qh5+ Kg8 28. Qg4 Ng6 29. h4 Re7 30. Rxe7 Nxe7 31. Qxe6+ Kf8 32. Qe4 Rc8 33.
Qxh7 Rc6 34. b3 Rd6 35. Qe4 Kf7 36. Kg2 Nd5 37. Qf5+ Ke7 38. e4 Nc3 39. e5 Re6
40. f4 Nxa2 41. Qc2 1-0

[Event "Krefelder SK Turm 1 - SF Brackel 1"]
[Site "NRW-Klasse - Gruppe 1 2018/20"]
[Date "2019.02.17"]
[Round "6.7"]
[White "Gerlach, Felix"]
[Black "Fehmer, Carsten"]
[Result "0-1"]
[WhiteElo "2066"]
[BlackElo "2060"]
[PlyCount "42"]
[EventDate "2019.??.??"]
[WhiteTeam "SF Brackel 1"]
[BlackTeam "Krefelder SK Turm 1"]

1. c4 c5 2. g3 g6 3. Bg2 Bg7 4. Nc3 Nc6 5. Nf3 d6 6. O-O e6 7. e3 Nge7 8. d4
O-O 9. Re1 h6 10. b3 Re8 11. Bb2 cxd4 12. Nxd4 Nxd4 13. exd4 Nf5 14. Qd2 Nxd4
15. Ne4 e5 16. Nxd6 Qxd6 17. Qxd4 exd4 18. Rxe8+ Kh7 19. Bd5 d3 20. Bxg7 Kxg7
21. Rd1 Bg4 0-1

[Event "Krefelder SK Turm 1 - SF Brackel 1"]
[Site "NRW-Klasse - Gruppe 1 2018/20"]
[Date "2019.02.17"]
[Round "6.8"]
[White "Thomas, Ingo"]
[Black "Garbuz, Vitaliy"]
[Result "1/2-1/2"]
[WhiteElo "2058"]
[BlackElo "2062"]
[Annotator "Daniel"]
[PlyCount "81"]
[EventDate "2019.??.??"]
[WhiteTeam "Krefelder SK Turm 1"]
[BlackTeam "SF Brackel 1"]

1. e4 c5 2. Nf3 Nc6 3. Bb5 g6 4. O-O Bg7 5. c3 d6 6. d4 cxd4 7. cxd4 Bd7 8. Nc3
a6 9. Bc4 b5 10. Bb3 b4 11. Nd5 e6 12. Nf4 Na5 13. Bc2 Ne7 14. Bd3 Qb6 15. Be3
O-O 16. d5 Qb7 17. dxe6 fxe6 18. Ng5 Rf6 19. Be2 h6 20. Nf3 e5 21. Nd5 Nxd5 22.
Qxd5+ Qxd5 23. exd5 Bb5 24. Bxb5 axb5 25. Nd2 Rff8 26. Ne4 Nc4 27. b3 Nxe3 28.
fxe3 Rxf1+ 29. Kxf1 Ra6 30. Ke2 Bf8 31. Kd3 Bg7 32. Ke2 Bf8 $11 33. Kd3 h5 34.
Ke2 Ra7 35. Kd3 Ra6 36. Kd2 Bh6 37. Kd3 Bf8 38. Kd2 Bh6 39. Ke2 Bf8 40. Kf2 Ra7
41. Ke2 1/2-1/2

[Event "SF Lieme 1 - SV Weidenau/Geisweid 1"]
[Site "NRW-Klasse - Gruppe 1 2018/20"]
[Date "2019.02.17"]
[Round "6.1"]
[White "Karthaeuser, Johannes"]
[Black "Niermann, Tristan"]
[Result "0-1"]
[WhiteElo "2157"]
[BlackElo "2266"]
[PlyCount "102"]
[EventDate "2019.??.??"]
[WhiteTeam "SV Weidenau/Geisweid 1"]
[BlackTeam "SF Lieme 1"]

1. e4 e5 2. Nf3 Nc6 3. d4 exd4 4. Nxd4 Nf6 5. Nxc6 bxc6 6. e5 Qe7 7. Qe2 Nd5 8.
c4 Nb6 9. b3 a5 10. g3 a4 11. Ba3 Qe6 12. Bxf8 Rxf8 13. b4 f6 14. exf6 Rxf6 15.
Nd2 d5 16. c5 Nd7 17. f4 Kf8 18. O-O-O a3 19. Nf3 Qxe2 20. Bxe2 Rb8 21. Rd4 Re6
22. Bd3 Re3 23. Ng5 h6 24. Kd2 Rxd3+ 25. Kxd3 hxg5 26. fxg5 Ba6+ 27. Kc3 Re8
28. Rhd1 Re3+ 29. Kd2 Re2+ 30. Kc3 Rxa2 31. R4d2 Rxd2 32. Rxd2 Bc4 33. Kd4 Kf7
34. g4 Kg6 35. h4 Bb3 36. Re2 a2 37. Re1 Bc2 38. Kc3 Bb1 39. Kb2 d4 40. Re7 Nb8
41. Rxc7 d3 42. Rc8 d2 43. Rd8 Na6 44. Rd6+ Kh7 45. Rxd2 Nxb4 46. Rd1 Nc2 47.
Rxb1 axb1=Q+ 48. Kxb1 Ne3 49. Kb2 Nxg4 50. Kc3 Kg6 51. Kd4 Kf5 0-1

[Event "SF Lieme 1 - SV Weidenau/Geisweid 1"]
[Site "NRW-Klasse - Gruppe 1 2018/20"]
[Date "2019.02.17"]
[Round "6.2"]
[White "Wittke, Rene"]
[Black "Send, Sebastian"]
[Result "1-0"]
[WhiteElo "2222"]
[BlackElo "2142"]
[PlyCount "51"]
[EventDate "2019.??.??"]
[WhiteTeam "SF Lieme 1"]
[BlackTeam "SV Weidenau/Geisweid 1"]

1. e4 g6 2. d4 Bg7 3. Nc3 c6 4. Be3 d6 5. Nf3 b5 6. Bd3 a6 7. O-O Qc7 8. e5 d5
9. Qd2 e6 10. a4 b4 11. Ne2 a5 12. c4 Ne7 13. Rac1 Nd7 14. cxd5 Nxd5 15. Bh6
O-O 16. Ng3 Ba6 17. Bxa6 Rxa6 18. Nh5 Bh8 19. Bxf8 Kxf8 20. Nf4 Nxf4 21. Qxf4
Kg8 22. Ng5 Nf8 23. Ne4 Bg7 24. Rc4 Ra8 25. Rfc1 Ra6 26. Qf3 1-0

[Event "SF Lieme 1 - SV Weidenau/Geisweid 1"]
[Site "NRW-Klasse - Gruppe 1 2018/20"]
[Date "2019.02.17"]
[Round "6.3"]
[White "Jansen, Dirk Norbert"]
[Black "Himpenmacher, Andy"]
[Result "0-1"]
[WhiteElo "2175"]
[BlackElo "2199"]
[PlyCount "72"]
[EventDate "2019.??.??"]
[WhiteTeam "SV Weidenau/Geisweid 1"]
[BlackTeam "SF Lieme 1"]

1. e4 c5 2. Nf3 e6 3. d4 cxd4 4. Nxd4 a6 5. Nc3 Qc7 6. g3 Nf6 7. Bg2 Nc6 8. O-O
h5 9. h3 Bc5 10. Nxc6 dxc6 11. e5 Qxe5 12. Bf4 Qd4 13. Qe2 Be7 14. Be5 Qb6 15.
Rad1 O-O 16. b3 Nd7 17. Bd6 Bxd6 18. Rxd6 Qb4 19. Qd2 Nf6 20. Rd1 a5 21. Rd4
Qe7 22. Qg5 Re8 23. Bf3 e5 24. Rh4 g6 25. g4 Nd5 26. Qxe7 Nxe7 27. Ne4 Kg7 28.
Nd6 Rd8 29. gxh5 Rxd6 30. Rxd6 Nf5 31. h6+ Kh7 32. Rf6 Nxh4 33. Rxf7+ Kxh6 34.
Be4 Nf5 35. Rf8 Kg7 36. Re8 Nd6 0-1

[Event "SF Lieme 1 - SV Weidenau/Geisweid 1"]
[Site "NRW-Klasse - Gruppe 1 2018/20"]
[Date "2019.02.17"]
[Round "6.4"]
[White "Essing, Arnold"]
[Black "Scholl, Patrick"]
[Result "1/2-1/2"]
[WhiteElo "2165"]
[BlackElo "1954"]
[PlyCount "21"]
[EventDate "2019.??.??"]
[WhiteTeam "SF Lieme 1"]
[BlackTeam "SV Weidenau/Geisweid 1"]

1. d4 d5 2. Nf3 Nf6 3. c4 c6 4. e3 Bg4 5. h3 Bh5 6. cxd5 Bxf3 7. Qxf3 cxd5 8.
Nc3 e6 9. Bb5+ Nc6 10. O-O Rc8 11. a3 1/2-1/2

[Event "SF Lieme 1 - SV Weidenau/Geisweid 1"]
[Site "NRW-Klasse - Gruppe 1 2018/20"]
[Date "2019.02.17"]
[Round "6.5"]
[White "Meinhardt, Michael"]
[Black "Wolf, Andre"]
[Result "1/2-1/2"]
[WhiteElo "2009"]
[BlackElo "2138"]
[PlyCount "27"]
[EventDate "2019.??.??"]
[WhiteTeam "SV Weidenau/Geisweid 1"]
[BlackTeam "SF Lieme 1"]

1. Nf3 Nf6 2. c4 e6 3. e3 b6 4. d4 Bb7 5. Bd3 d5 6. O-O Bd6 7. Nc3 Nbd7 8. Qe2
O-O 9. e4 dxe4 10. Nxe4 Nxe4 11. Bxe4 Bxe4 12. Qxe4 Nf6 13. Qe2 c5 14. dxc5
1/2-1/2

[Event "SF Lieme 1 - SV Weidenau/Geisweid 1"]
[Site "NRW-Klasse - Gruppe 1 2018/20"]
[Date "2019.02.17"]
[Round "6.6"]
[White "Schaffarczyk, Andre"]
[Black "Dueber, Olaf"]
[Result "1/2-1/2"]
[WhiteElo "2081"]
[BlackElo "1943"]
[Annotator "Daniel"]
[PlyCount "72"]
[EventDate "2019.??.??"]
[WhiteTeam "SF Lieme 1"]
[BlackTeam "SV Weidenau/Geisweid 1"]

1. e4 c5 2. Nf3 Nc6 3. d4 cxd4 4. Nxd4 e5 5. Nb5 a6 6. Nd6+ Bxd6 7. Qxd6 Qe7 8.
Qd1 Nf6 9. Nc3 d6 10. Bg5 Be6 11. g3 h6 12. Bxf6 Qxf6 13. Bg2 O-O 14. O-O Rac8
15. Rc1 Rfd8 $11 16. Nd5 Bxd5 17. exd5 Ne7 18. c3 Rc5 19. Qb3 Rb5 20. Qa3 Rc5
21. b4 Rc4 22. Rfd1 Rdc8 23. Bf1 e4 24. Bxc4 Rxc4 25. Qb3 b5 26. Rd4 Rxd4 27.
cxd4 Qxd4 28. a3 f5 29. Rc6 Ng6 30. Rxd6 Ne5 31. Rd8+ Kh7 32. d6 Nc4 33. d7 e3
34. fxe3 Qd2 35. h4 Qe1+ 36. Kh2 Qf2+ 1/2-1/2

[Event "SF Lieme 1 - SV Weidenau/Geisweid 1"]
[Site "NRW-Klasse - Gruppe 1 2018/20"]
[Date "2019.02.17"]
[Round "6.7"]
[White "Piskorz, Andreas"]
[Black "Stork, Holger"]
[Result "1/2-1/2"]
[WhiteElo "1898"]
[BlackElo "2064"]
[PlyCount "43"]
[EventDate "2019.??.??"]
[WhiteTeam "SV Weidenau/Geisweid 1"]
[BlackTeam "SF Lieme 1"]

1. Nf3 Nf6 2. b3 b6 3. Bb2 Bb7 4. e3 e6 5. Be2 Be7 6. c4 O-O 7. O-O d5 8. Nc3
c5 9. d4 cxd4 10. Nxd4 dxc4 11. Bxc4 Nc6 12. Nxc6 Bxc6 13. Qe2 Bc5 14. Rfd1 Qe7
15. Rac1 Rfd8 16. Rxd8+ Rxd8 17. Rd1 Rd7 18. Rxd7 Qxd7 19. Qd1 Qxd1+ 20. Nxd1
Ne4 21. Nc3 Nd6 22. Bd3 1/2-1/2